[Event "Ischia"]
[Site "Ischia"]
[Date "1996.??.??"]
[Round "4"]
[White "Tseitlin, Mark D"]
[Black "Godena, Michele"]
[Result "1/2-1/2"]
[WhiteElo "2545"]
[BlackElo "2485"]
[Annotator "Wedberg,T"]
[PlyCount "85"]
[EventDate "1996.06.??"]
[EventType "tourn"]
[EventRounds "9"]
[EventCountry "ITA"]
[EventCategory "14"]
[SourceTitle "CBM 054"]
[Source "ChessBase"]
[SourceDate "1996.10.01"]
[SourceVersion "1"]
[SourceVersionDate "1996.10.01"]
[SourceQuality "1"]

1. e4 e5 2. Nf3 Nc6 3. Bb5 a6 4. Ba4 Nf6 5. O-O b5 6. Bb3 Bc5 7. Nxe5 Nxe5 8.
d4 Bxd4 9. Qxd4 d6 10. f4 c5 11. Qc3 Neg4 12. e5 c4 $146 (12... Ne4 13. Qf3 d5
14. c4 $5 bxc4 (14... Nxh2 $5) 15. Ba4+ Kf8 16. Bc6 Rb8 17. Nc3 Nxc3 18. bxc3
$16 {0-1 Sion Castro,M-Adams,M/Leon (01) ;CBM 48 1995 (27)}) 13. exf6 O-O (
13... Qb6+ 14. Be3 $1 (14. Kh1 $2 Nf2+) 14... Nxe3 15. Re1 O-O 16. Qxe3 Qxe3+
17. Rxe3 gxf6 18. Bxc4 bxc4 19. Nd2 d5 20. Nf3 $14) 14. Qd4 (14. fxg7 $5 Re8 (
14... Qb6+ 15. Be3 Nxe3 16. gxf8=Q+ Kxf8 17. Rf2 (17. Qh8+ $2 Ke7 18. Re1 Be6
$1 $19) 17... Nd1 18. Qd2 Nxf2 19. Qxf2 Qxf2+ 20. Kxf2 cxb3 21. axb3 Bf5 22. c3
$16) 15. h3 Qb6+ 16. Kh1 Nf2+ 17. Kh2 $14) 14... Qxf6 15. Qxf6 Nxf6 16. Nd2
cxb3 17. Nxb3 Bb7 $10 18. Bd2 Rac8 19. c3 Rfe8 20. Rfe1 Ne4 21. Be3 b4 22. cxb4
Rc2 23. Bd4 Nf6 24. Bxf6 Rxe1+ 25. Rxe1 gxf6 26. g3 Rxb2 27. Nd4 h5 28. a3 Rg2+
29. Kf1 Rxh2 30. Re8+ Kh7 31. Rd8 Ra2 32. Rxd6 Rxa3 33. Rd7 Be4 34. Rxf7+ Kg6
35. Rf8 Rd3 36. Rd8 Rd2 37. Ke1 Rb2 38. Rb8 Bd5 39. Rb6 Bc4 40. Rb7 Rg2 41. Rc7
Bd3 42. Rc3 Bb5 43. Rc8 1/2-1/2

[Event "RUS-ch51"]
[Site "St Petersburg"]
[Date "1998.08.07"]
[Round "11"]
[White "Grischuk, Alexander"]
[Black "Potapov, Alexander"]
[Result "1-0"]
[WhiteElo "2490"]
[BlackElo "2475"]
[Annotator "Wedberg,T"]
[PlyCount "85"]
[EventDate "1998.07.28"]
[EventType "swiss"]
[EventRounds "11"]
[EventCountry "RUS"]
[SourceTitle "CBM 067"]
[Source "ChessBase"]
[SourceDate "1998.11.30"]
[SourceVersion "2"]
[SourceVersionDate "1998.11.01"]
[SourceQuality "1"]

{[%mdl 688]} 1. e4 e5 2. Nf3 Nc6 3. Bb5 a6 4. Ba4 Nf6 5. O-O b5 6. Bb3 Bb7 7.
d3 Bd6 {A somewhat strange looking move. It's a compromise of sorts between
playing Bc5 and Be7. By protecting e5 Black threatens to exchange Bb3 by Na5.}
8. c3 (8. Nc3 O-O (8... Na5 $5) (8... h6 9. a4 b4 10. Ne2 Na5 11. Ba2 O-O 12.
Ng3 Re8 13. h3 Bf8 14. Nh2 d5 15. Qf3 c5 $132 {0-1 Los,S-Malaniuk,V/Groningen
1990/CBM 22 (33)}) 9. Nd5 h6 10. Ne3 Re8 11. Nh4 Na5 12. Nhf5 Bf8 13. f4 Nxb3
14. axb3 exf4 15. Ng4 d5 $132 {1-0 Seeman,T-Volzhin,A/Jyvaskyla 1994/EXT 94op 
(26)}) 8... O-O 9. Nbd2 Re8 10. Re1 Bc5 $6 {If this was Blacks intention, he
could have played it instead of Bd6. The logical continuation was to retreat
to f8.} (10... Bf8 {/\d5}) 11. Nf1 d6 (11... d5 12. exd5 Nxd5 13. d4 Bb6 14.
dxe5 Na5 15. Bc2 g6 16. Ng3 f5 17. Bg5 $16 {1-0 Brodsky,M-Grechihin,V/Smolensk
1991/EXT 91op (34)}) (11... h6 12. Ng3 Nh7 13. d4 Bb6 14. Be3 d6 15. d5 Ne7 16.
Bxb6 cxb6 17. Nd2 Bc8 18. a4 bxa4 19. Bxa4 Rf8 $11 {1/2-1/2 Lederman,L-Ater,I/
Beersheba 1991/EXT 91 (44)}) 12. Ng3 Bb6 {Black has chosen a setup that is
very strong when White has his d-P on d4. Then Black has pressure against both
d4 and e4. Here Blacks pieces are doing only one thing - waiting (in vain) for
White to play d4.} 13. Bg5 h6 14. Bh4 $1 {White has no reason to fear an
eventual g5 since the attack after sacrificing on g5 plays itself. Black has
no defenders on the K-side.} g6 (14... g5 $2 15. Nxg5 hxg5 16. Bxg5 Nb8 17. Qf3
Nbd7 18. Nh5 $18) 15. h3 Kg7 16. Nh2 $40 Qd7 17. Qf3 Ng8 18. Ng4 Nd8 19. Bf6+
Kf8 (19... Kh7 20. Bxd8 Rexd8 21. Bxf7 $18) 20. d4 {Now, with Black pressed
against the back rank, this is strong.} (20. Bxd8 $5 Raxd8 21. Nf6 Nxf6 22.
Qxf6 $40) 20... exd4 21. cxd4 Ne6 22. d5 Nd4 23. Qf4 g5 (23... h5 24. Nh6 $1
Nxf6 25. Qxf6 $40) 24. Qd2 Nxf6 $5 {Black finds a surprising way to give White
some problems. But objectively Black is still as lost as ever.} (24... Nxb3 25.
axb3 $18 {/\Qc3}) 25. Nxf6 Qxh3 $5 26. Nf5 {White keeps his cool - and his
advantage.} (26. gxh3 Nf3+ 27. Kg2 Nxd2 28. Nxe8 Rxe8 29. Bc2 $14) (26. Qd3 Qh4
(26... Qc8 27. Nxe8 Qxe8 28. Nf5 Nxf5 29. exf5 Qd7 30. f6 $18) 27. Nd7+ Kg8 28.
Nxb6 Nxb3 29. Nxa8 Nxa1 30. Nxc7 Rc8 31. Nf5 $18) 26... Nf3+ (26... Nxb3 27.
axb3 Qxb3 28. Nd7+ Kg8 29. Nxh6+ Kh7 30. Nxf7 $18) 27. gxf3 Bc8 28. Nh7+ Kg8
29. Nf6+ Kf8 30. Nd4 Re5 31. Re3 Qh4 32. Rae1 g4 33. f4 Qxf6 34. fxe5 $18 dxe5
35. Nf5 Bxf5 36. exf5 Re8 37. Bc2 h5 38. Rg3 Qh4 39. Kg2 Qf6 40. Be4 Kg7 41.
Rc1 Rd8 42. Rc6 Rd6 43. Rxd6 1-0

[Event "Skei"]
[Site "Skei"]
[Date "1993.??.??"]
[Round "8"]
[White "Hellers, Ferdinand"]
[Black "Sahl, Bjarke"]
[Result "0-1"]
[WhiteElo "2565"]
[BlackElo "2445"]
[Annotator "Wedberg,T"]
[PlyCount "64"]
[EventDate "1993.??.??"]
[EventType "tourn"]
[EventRounds "9"]
[EventCountry "NOR"]
[EventCategory "10"]
[SourceTitle "CBM 036"]
[Source "ChessBase"]
[SourceDate "1993.10.01"]
[SourceVersion "1"]
[SourceVersionDate "1993.10.01"]
[SourceQuality "1"]

1. e4 e5 2. Nf3 Nc6 3. Bb5 a6 4. Ba4 Bc5 5. c3 Nf6 $5 $146 (5... b5 6. Bb3 Nf6
7. d4 exd4 8. O-O d5 9. exd5 Nxd5 10. Re1+ Be6 11. Ng5 O-O 12. Qd3 g6 13. Rxe6
fxe6 14. Qh3 {+/- Nenarokov}) (5... Nge7 6. Nxe5 Bxf2+ 7. Kxf2 Nxe5 8. d4 N5g6
9. Rf1 O-O 10. Kg1 d5 11. Nd2 c6 12. Bc2 {+/- Tringov-Damjanovic, Büsum 1968})
6. d4 Ba7 7. O-O b5 8. Bc2 (8. Bb3 $5 {Hellers}) 8... d6 9. a4 O-O 10. axb5
axb5 11. Na3 Ba6 12. Bd3 exd4 13. Nxb5 Bxb5 14. Bxb5 Bb6 $1 $10 15. Bg5 Rxa1
16. Qxa1 Na7 17. Bd3 dxc3 18. bxc3 Nc6 19. Nd4 Nxd4 $6 (19... Ne5 20. Bc2 h6
21. Bh4 Ng6 22. Bg3 Re8 23. Re1 Nh5 $10) 20. cxd4 h6 21. Be3 Ng4 22. Bd2 Qf6
23. Bc3 d5 $2 24. e5 $2 (24. h3 dxe4 25. Be2 $18) 24... Qf4 25. g3 Qf3 26. Qd1
$4 (26. Bc2 $14) 26... Nxe5 $1 $19 27. Bb4 (27. dxe5 Bxf2+ $19) 27... Qxd3 28.
Bxf8 Nf3+ 29. Kg2 Nd2 30. Re1 Kxf8 31. Qa4 Qf3+ 32. Kh3 Kg8 0-1

[Event "Moscow Aeroflot op-A"]
[Site "Moscow"]
[Date "2004.02.24"]
[Round "8"]
[White "Efimenko, Zahar"]
[Black "Kaidanov, Gregory S"]
[Result "1-0"]
[WhiteElo "2537"]
[BlackElo "2623"]
[Annotator "Wedberg,T"]
[PlyCount "87"]
[EventDate "2004.02.17"]
[EventType "swiss"]
[EventRounds "9"]
[EventCountry "RUS"]
[SourceTitle "CBM 100"]
[Source "ChessBase"]
[SourceDate "2004.06.01"]
[SourceVersion "1"]
[SourceVersionDate "2004.06.01"]
[SourceQuality "1"]

1. e4 e5 2. Nf3 Nc6 3. Bb5 a6 4. Ba4 Nf6 5. O-O b5 6. Bb3 Bb7 7. c3 Nxe4 8. d4
Na5 9. Bc2 exd4 10. Nxd4 c5 11. Nf5 d5 (11... Qf6 12. Nd2 $1 d5 {is known to
favour White.}) 12. Nd2 {[%mdl 8] In this game this just results in a
transposition to a well-known line. But the move itself is a novelty.} (12. a4
g6 13. f3 Nf6 14. Qe2+ Kd7 15. axb5 axb5 16. Bg5 h6 17. Bh4 gxf5 18. Bxf5+ Kc6
19. Na3 $13 {1/2-1/2 Ivanovic,B-Mikhalchishin,A/Herceg Novi 1999/EXT 2001 (41)}
) (12. f3 Ng5 13. Bxg5 Qxg5 14. Re1+ Kd7 15. Nd2 g6 16. f4 Qxf4 17. Rf1 Qc7 18.
Ne3 f5 19. Bxf5+ (19. Nb3 Nxb3 20. Nxd5 Qd6 21. Bxb3 Rd8 22. Nf4 c4 23. Bc2 Kc8
24. Qxd6 Bxd6 $17 {0-1 Yurtaev,L-Kuzmin,A/Dubai 1999/CBM 70 ext (62)}) 19...
gxf5 20. Rxf5 Kc8 21. Nxd5 Bxd5 22. Rxd5 $13 {0-1 (57) Almasi - Beliavsky,
Vrnjacka Banja 1998.}) (12. a4 g6 13. f3 Nf6 14. Qe2+ Kd7 15. axb5 axb5 16. Bg5
h6 17. Bh4 gxf5 18. Bxf5+ Kc6 19. Na3 {is highly unclear - see 1/2-1/2
Ivanovic,B-Mikhalchishin,A/Herceg Novi 1999/EXT 2001 (41)}) 12... Qf6 $6 {
Black misses the opportunity to lead the game into new territory.} (12... g6 $1
{looks best, preparing Bg7 and a quick 0-0.} 13. Bxe4 (13. Ne3 Bg7 14. Nxe4
dxe4 15. Qg4 O-O $17) (13. Nxe4 dxe4 14. Ng3 Qxd1 15. Rxd1 f5 $17) (13. f3 Nxd2
14. Re1+ Kd7 15. Bxd2 gxf5 16. Bxf5+ Kc7) 13... dxe4 14. Ng3 f5 (14... Bg7 15.
Ndxe4 Qxd1 16. Rxd1 $14) 15. Nxf5 $5 gxf5 16. Qh5+ Kd7 (16... Ke7 17. Nxe4 $40
{[%cal Yc1g5]}) 17. Qxf5+ Kc7 18. Nxe4 Bxe4 19. Qxe4 Bd6 $15) (12... Qd7 13.
Ne3 Nxd2 14. Bxd2 $44 {[%cal Ye3f5,Yf1e1]}) (12... Nxd2 $6 13. Bxd2 $40 {
[%csl Re8,Gf5][%cal Yf1e1]}) 13. Nxe4 dxe4 14. Ng3 Be7 15. Nxe4 Qc6 16. Qh5 {
Practise has shown that this is difficult for Black. The misplaced N on a5 is
a clear drawback.} Qg6 {Probably the best move here.} (16... g6 17. Qh3 (17.
Qe5 f6 18. Qg3 O-O 19. f3 $14 {1/2-1/2 Leko,P-Mozetic,D/Tilburg 1993/CBM 39/
[Leko] (37)}) 17... O-O 18. b3 $14 {1-0 Svidler,P-Christiansen,L/Bermuda 2003/
CBM 94/[Wedberg] (31)}) (16... Nc4 17. b3 g6 18. Qh3 Nd6 19. Re1 O-O 20. Bf4 $1
Nf5 21. Ng5 Bxg5 22. Bxg5 {1-0 Almasi,Z-Beliavsky,A/Dortmund 1998/CBM 66/
[Wedberg] (43)}) (16... Qg6 17. Qe2 Qe6 18. Re1 h6 19. Nxc5 $16 {1-0 Yurtaev,
L-Mozaliov,S/Smolensk 1997/EXP 58 (27)}) (16... g6 17. Qe5 f6 18. Qg3 O-O 19.
f3 $1 (19. b3 f5 $1 20. Ng5 f4 21. Qg4 Bc8 $13) 19... Rfe8 20. Nf2 $6 (20. Bf4
$1 $14) 20... Bd6 $1 $11 {1/2-1/2 Leko,P-Mozetic,D/Tilburg 1993/CBM 39/[Leko] 
(37)}) 17. Qe2 Qc6 $146 (17... Qe6 18. Bf4 (18. Re1 h6 19. Nxc5 {1-0 Yurtaev,
L-Mozaliov,S/Smolensk 1997/EXP 58 (27)}) 18... O-O 19. Rfe1 Rfe8 20. Rad1 Bf8
21. Qh5 $40 {1-0 Smirnov,P-Belozerov,A/Novokuznetsk 1999/EXT 2001 (37) 1-0})
18. Qh5 Qg6 19. Qxg6 $5 $146 {This is the third novelty in the same game! 12.
Nd2, 17. - Qc6 and now 19.Qxg6. Something of a record.} hxg6 20. Be3 Rc8 21. b3
{Even after the exchange of Q:s the N on a5 offers White hope for an advantage.
} f5 (21... Rh4 $5) 22. Ng5 O-O 23. h4 Bf6 24. Rac1 Rfe8 25. c4 Bxg5 26. hxg5
bxc4 27. bxc4 Be4 (27... Nxc4 $4 28. Bb3 $18) 28. Ba4 Bc6 29. Bxc6 Nxc6 $14 {
The B is clearly slightly stronger than the N in this situation.} 30. Rfd1 f4
31. Bxc5 $16 (31. Bxf4 $2 Nd4 $15 {[%cal Gd4e2]}) 31... Ne5 32. Bd6 Rxc4 33.
Rxc4 Nxc4 34. Bxf4 Re2 35. Rd4 Rc2 36. a4 Kf7 37. Rd7+ Kg8 38. Ra7 a5 39. Rc7
$18 {Perfect position for White.} Kf8 40. Be5 Ke8 41. Bxg7 Kd8 42. Be5 Rc1+ 43.
Kh2 Rc2 44. f4 1-0

[Event "Olympiad-33"]
[Site "Elista"]
[Date "1998.10.11"]
[Round "12.2"]
[White "Movsesian, Sergei"]
[Black "Godena, Michele"]
[Result "1-0"]
[WhiteElo "2640"]
[BlackElo "2510"]
[Annotator "Wedberg,T"]
[PlyCount "65"]
[EventDate "1998.09.29"]
[EventType "team-swiss"]
[EventRounds "13"]
[EventCountry "RUS"]
[SourceTitle "CBM 068"]
[Source "ChessBase"]
[SourceDate "1999.02.01"]
[SourceVersion "1"]
[SourceVersionDate "1999.02.01"]
[SourceQuality "1"]
[WhiteTeam "Czech Republic"]
[BlackTeam "Italy"]
[WhiteTeamCountry "CZE"]
[BlackTeamCountry "ITA"]

1. e4 e5 2. Nf3 Nc6 3. Bb5 a6 4. Ba4 Nf6 5. O-O b5 6. Bb3 Bc5 7. c3 d6 8. a4
Bg4 9. h3 Bh5 (9... Bxf3 10. Qxf3 O-O 11. d3 Na5 12. Bc2 b4 13. Nd2 Rb8 14. Qe2
Re8 15. Nf3 bxc3 16. bxc3 Nb3 17. Bxb3 Rxb3 18. Qc2 (18. d4 exd4 19. cxd4 Rxf3
20. Qxf3 $6 (20. dxc5 Rc3 21. Qxa6 $14) 20... Bxd4 21. Ra2 Nxe4 $44 {1-0 Anand,
V-Karpov,A/FIDE-Wch k.o. f 1998/CBM 63/[Anand] (41)}) 18... Qb8 $11 {0-1
Hansen,S-Hector,J/Skaenninge 1998/CBM 65/[Wedberg] (31)}) 10. d3 Rb8 (10... O-O
11. Bg5 Rb8 12. axb5 axb5 13. Nbd2 h6 14. Be3 Nd7 15. Qe1 b4 16. Ba4 bxc3 17.
bxc3 Ne7 $11 {1/2-1/2 Korneev,O-Gomez Esteban,J/Elgoibar 1996/EXP 57 (47)}) 11.
axb5 axb5 12. g4 (12. Re1 O-O (12... h6 13. Nbd2 g5 $6 14. g4 $1 $16 {1-0
Almasi,Z-Degraeve,J/EU-chTM 1997/EXP 57/[Wedberg] (28)}) 13. Nbd2 Ra8 (13... b4
14. Ba4 bxc3 15. bxc3 Ne7 $11 {1/2-1/2 Almasi,Z-Shirov,A/Porzellan Cup rap
1997/EXT 97 (35)}) 14. Rxa8 Qxa8 15. Nf1 Qa7 16. Qe2 b4 17. g4 Bg6 18. Ne3 Rb8
19. Bc2 Qa1 $15 {0-1 Kovacevic,A-Anand,V/Belgrade 1997/CBM 62/[Wedberg] (30)})
(12. Be3 Bxe3 13. fxe3 $11 {0-1 Leko,P-Shirov,A/Tilburg Fontys 1996/CBM 56/
[Shirov] (89)}) (12. Bg5 h6 13. Be3 O-O 14. Nbd2 Nd7 15. Qe1 $13 {1/2-1/2
Korneev,O-Gomez Esteban,J/Elgoibar 1996/EXP 57 (47)}) 12... Bg6 (12... Nxg4 13.
Bd5 Na7 (13... Ne7 14. hxg4 Bxg4 15. Bxf7+ $1 $18) 14. d4 Bb6 15. hxg4 Bxg4 16.
dxe5 $18) 13. Re1 Ra8 14. Rxa8 Qxa8 15. Nbd2 O-O 16. Nf1 Nd8 $6 (16... Qa7 17.
Qe2 (17. Be3) 17... b4 18. Ne3 Rb8 19. Bc2 Qa1 $15 {0-1 Kovacevic,A-Anand,V/
Belgrade 1997/CBM 62/[Wedberg] (30)}) 17. Ng3 Ne6 18. Nh4 $14 Bb6 19. Ngf5 Re8
20. Qf3 Nd7 21. Bd5 Qa6 (21... c6 22. Nxg6 hxg6 23. Nxd6 $16) 22. Ng2 f6 23. g5
c6 24. Bb3 Ndc5 25. Bxe6+ Rxe6 26. h4 b4 27. c4 Bxf5 28. exf5 e4 $2 (28... Re7
29. Qxc6 $16) 29. fxe6 $1 $18 exf3 30. e7 Qc8 31. e8=Q+ Qxe8 32. Rxe8+ Kf7 33.
Rb8 1-0

[Event "RUS-Cup10"]
[Site "Tomsk"]
[Date "1997.07.31"]
[Round "9"]
[White "Dvoirys, Semen I"]
[Black "Shinkevich, Vitaly"]
[Result "0-1"]
[WhiteElo "2615"]
[BlackElo "2375"]
[Annotator "Wedberg,T"]
[PlyCount "81"]
[EventDate "1997.07.21"]
[EventType "swiss"]
[EventRounds "9"]
[EventCountry "RUS"]
[SourceTitle "EXT 2000"]
[Source "ChessBase"]
[SourceDate "1999.11.16"]
[SourceVersion "1"]
[SourceVersionDate "1999.11.16"]
[SourceQuality "1"]

1. e4 {Konikowski,J} e5 2. Nf3 Nc6 3. Bb5 a6 4. Ba4 Nf6 5. O-O b5 6. Bb3 Bc5 7.
d3 h6 (7... O-O 8. a4 Rb8 (8... Bb7 9. Nc3 b4 10. Nd5 h6 11. a5 d6 12. c3 bxc3
13. bxc3 Rb8 14. Nd2 Nxd5 15. Bxd5 Ne7 $11 {Saltaev,M-Datu,I/World Cities 1997/
EXP 58/0-1 (35)} (15... Ne7 16. Bxb7 Rxb7 17. Qa4 Qe8 18. Qa2 Qc6 19. Nc4 Kh7
20. Be3 f5 21. d4 f4 22. d5 Qb5 23. Rfb1 {Saltaev,M-Datu,I/World Cities 1997/
EXP 58/0-1 (35)})) 9. Nbd2 d6 10. c3 Bb6 11. h3 Nh5 12. axb5 axb5 13. Re1 Nf4
14. Nf1 Qf6 $11 {1/2-1/2 Adams,M-Shirov,A/Madrid 1996/CBM 53 (19)} (14... Qf6 {
Konikowski,J} 15. Be3 Ne7 16. N1h2 c5 17. Ng4 Qg6 18. Nh4 Qg5 19. Nf3 Qg6 {
1/2-1/2 Adams,M-Shirov,A/Madrid 1996/CBM 53})) 8. a4 (8. c3 d6 9. h3 O-O 10.
Re1 Re8 11. Nbd2 Ba7 12. Nf1 Ne7 13. Ng3 c5 14. Nh4 $14 {1-0 Hingary,M-Bukhari,
M/Luzern olm 1982/BIG 80 (30)} (14. Nh4 {Konikowski,J} g5 15. Qf3 Nc6 16. Nh5
c4 17. Nxf6+ Kg7 18. Nh5+ Kg8 19. dxc4 Na5 20. Nf6+ Kg7 21. Nxe8+ Qxe8 22. Nf5+
Bxf5 23. Qxf5 bxc4 24. Bd1 Nc6 25. Ba4 Rc8 26. Be3 Bb8 27. h4 f6 28. hxg5 hxg5
29. g3 Qf8 30. Bxc6 Rxc6 31. Qd7+ {1-0 Hingary,M-Bukhari,M/Luzern olm 1982/BIG
80})) (8. Nc3 O-O 9. Be3 Ba7 10. a4 b4 11. Nd5 a5 12. c3 d6 13. Qd2 Be6 14. h3
$14 {Heyme,S-Roth,C/BLW-9192 1992/BIG 90/1-0 (40)} (14. h3 {Konikowski,J} Bxd5
15. exd5 Ne7 16. cxb4 axb4 17. Qxb4 Nexd5 18. Qd2 Bxe3 19. fxe3 Qb8 20. Bd1 Qb6
21. Re1 Rfb8 22. Re2 Nh5 {Heyme,S-Roth,C/BLW-9192 1992/BIG 90/1-0 (40)})) (8.
Be3 {Konikowski,J} Ba7 9. Bxa7 Rxa7 10. Re1 d6 11. c3 Bg4 12. Nbd2 O-O 13. Nf1
Na5 14. Bc2 Nc6 15. h3 Bh5 16. Ng3 Bg6 17. d4 exd4 18. Nxd4 Nxd4 19. cxd4 c5
20. e5 Bxc2 21. Qxc2 dxe5 22. dxe5 Nd7 23. Rad1 Qc7 24. Rc1 Rc8 25. Ne4 Qc6 26.
Nd6 Rcc7 27. b4 a5 28. Qe2 Ra6 29. Nxb5 Rb7 30. Nd6 Rxb4 31. Qh5 Rf4 {1/2-1/2
Dzagnidze,N-Gregorova,Z/EU-chJW U10 Verdun 1995/EXT 95ch2}) 8... Rb8 9. axb5
axb5 10. Nxe5 Nxe5 11. d4 Bxd4 12. Qxd4 d6 {This is a well known position with
the Black P on h7. the extra move can be useful in many lines.} 13. c3 (13. f4
{Konikowski,J} c5 14. Qd2 Nc6 15. c3 (15. e5 dxe5 16. Qxd8+ Nxd8 (16... Kxd8
17. fxe5 Nxe5 18. Bf4 Nfd7 19. Bxf7 $14) 17. fxe5 Ne4 18. Nd2 Nxd2 19. Bxd2 Be6
$11) 15... O-O $11) 13... O-O 14. Bc2 c5 15. Qe3 Bb7 16. Nd2 (16. f4 $5 {
Konikowski,J}) 16... Re8 17. f3 Qc7 18. Nb3 Bc6 $11 {White has done nothing
here so Black is alright.} 19. Qf2 b4 20. cxb4 Rxb4 21. Bd2 Rbb8 22. Bc3 Ra8
23. Rxa8 Bxa8 24. Rd1 Bb7 25. Na5 Ba8 26. Bxe5 (26. b4 {Konikowski,J} cxb4 27.
Bxb4 d5 $1) 26... dxe5 27. Nc4 Bb7 28. Ba4 (28. Qe3 $5 {Konikowski,J}) 28...
Ra8 29. Bb3 Ba6 30. Ne3 Rb8 31. Qc2 Rb4 32. Bc4 Bxc4 33. Nxc4 Nd7 34. Qc3 $14 {
With careful play White has secured a slight advantage.} Kh7 35. h4 Qa7 36.
Nxe5 $4 {Cashing in...} (36. b3 $142 {Konikowski,J} f6 37. h5 $14) 36... Rd4 $1
$19 {...on a completely lost position} 37. Rxd4 cxd4 38. Qc8 d3+ 39. Kh2 Nxe5
40. Qf5+ Ng6 41. h5 (41. h5 {Konikowski,J} d2 42. hxg6+ fxg6 43. Qd5 Qf2 44.
Kh3 Qe2 $19) 0-1

[Event "Bundesliga 0203"]
[Site "Germany"]
[Date "2003.03.31"]
[Round "15.1"]
[White "Berelowitsch, Alexander"]
[Black "Grischuk, Alexander"]
[Result "1/2-1/2"]
[WhiteElo "2541"]
[BlackElo "2712"]
[Annotator "Wedberg,T"]
[PlyCount "94"]
[EventDate "2002.10.19"]
[EventType "team-tourn"]
[EventRounds "15"]
[EventCountry "GER"]
[SourceTitle "CBM 095"]
[Source "ChessBase"]
[SourceDate "2003.07.25"]
[SourceVersion "1"]
[SourceVersionDate "2003.07.25"]
[SourceQuality "1"]
[WhiteTeam "Emsdetten Turm"]
[BlackTeam "Luebeck"]
[WhiteTeamCountry "GER"]
[BlackTeamCountry "GER"]

1. e4 e5 2. Nf3 Nc6 3. Bb5 a6 4. Ba4 Nf6 5. O-O b5 6. Bb3 Bc5 7. c3 d6 8. d4
Bb6 9. a4 Rb8 10. Na3 O-O 11. axb5 axb5 12. Nxb5 exd4 (12... Bg4 13. d5 Ne7 14.
Bc2 {seems to give White an edge.}) 13. cxd4 Bg4 14. Be3 {Not the critical
move. Anand is the leading expert on the White side of this line. He has moved
from 14.Re1 to 14.Ra4 and then further on to 14.Ra3!?. This proves two things:
firstly that there is no simple solution for White, secondly that anyone who
enters this line must be prepared to his teeth - there are lots of unchecked
possibilities to explore. Yet again: the text move has been analyzed to at
least equality for Black.} (14. Bg5 {is a good starting point in the analysis.
Black gets to show one of the ways he can get compensation for his P by
rupturing the white K-side.} Bxf3 15. gxf3 (15. Qxf3 Bxd4 16. Qe2 Qe8 $1 $11)
15... Nxd4 $1 16. Nxd4 Bxd4 17. Bxf7+ Rxf7 18. Qxd4 Qd7 19. Ra3 Nh5 $44 {
1/2-1/2 Shirov,A-Topalov,V/Monaco 2002/CBM 87 ext (34)}) (14. Bc2 {White tries
to back down and protect his centre in the process.} d5 15. e5 (15. Bg5 Bxf3
16. Qxf3 Bxd4 17. exd5 Qxd5 18. Qxd5 {1/2-1/2 Almasi,Z-Piket,J/Groningen 1998/
CBM 69 (18)}) 15... Ne4 16. Be3 f6 $132 {1/2-1/2 Morozevich,A-Georgiev,K/
Germany 1998/GER-chT (63)}) (14. Re1 {this move allows Black to take back the
P if he wants to or to play for compensation.} d5 {Playing for counter play in
the centre.} (14... Nxd4 {taking back the P} 15. Nbxd4 Bxd4 16. h3 (16. Bxf7+
Rxf7 17. Qxd4 Bxf3 18. gxf3 Nh5 $44) 16... Bxf3 17. Qxf3 {White is slightly
better with the pair of B:s in an open position.}) (14... Re8 15. Bg5 h6 16.
Bxf6 Qxf6 17. Re3 $14) 15. exd5 (15. e5 Ne4 $44) 15... Nxd5 16. h3 Bh5 17. g4 (
17. Bc4 Qd7 18. Bg5 h6 19. Bh4 Rfe8 20. Rxe8+ Rxe8 21. Bg3 Nf6 22. Ra3 Nxd4 23.
Nbxd4 Bxf3 24. Rxf3 Bxd4 25. Kh2 c5 $11 {1/2-1/2 Shirov,A-Piket,J/Monte Carlo
1999/CBM 69 ext (31)}) 17... Bg6 18. Nc3 Ndb4 {with a complex situation.
White´s extra P is at least partly compensated by the weakened white K-side
and Black´s activity. 1-0 Anand,V-Oll,L/Belgrade 1999/CBM 69/[Tyomkin,D] (39)})
(14. Ra4 {the most popular move for White} Re8 (14... Qe8 15. Qd3 Na5 16. Bc2
Bd7 17. Nc3 Bxa4 18. Bxa4 Qe6 19. b4 $14 {1-0 Acs,P-Blehm,P/Yerevan 2000/CBM
78 ext (28)}) 15. Re1 (15. Bg5 h6 16. Bd5 Bxf3 $5 17. Qxf3 (17. gxf3 hxg5 18.
Bxc6 Re6 19. Nc3 Nh5 $132 {1/2-1/2 Zaragatski,I-Sebag,M/Deizisau 2003 (32)})
17... Nxd4 18. Nxd4 Bxd4 19. Rxd4 hxg5 20. Bc6 Re5 $11 {1/2-1/2 Ye
Jiangchuan-Peng Xiaomin/Shanghai 2001/CBM 85 (26)}) 15... Qd7 (15... Ba5 16.
Nc3 Bxc3 17. bxc3 Nxe4 18. Re3 d5 19. h3 Bh5 20. Ra6 $14 {1/2-1/2 Skrzypnik,
M-Jakubowski,M/Zakopane 2001/EXT 2002 (28)}) 16. Bc2 d5 17. e5 Ne4 18. Nc3 Nxe5
$5 {with big complications in 1-0 Bologan,V-Tkachiev,V/Enghien les Bains 1999/
CBM 70/[Wedberg] (39)}) ({For} 14. Ra3 {see 1/2-1/2 Anand,V-Tkachiev,V/Moscow
2001/CBM 86 (48) and Galkin - Prokopchuk, Moscow Aeroflot 2002.}) 14... Nxe4 $1
{This is the 'refutation' of 14.Be3.} 15. Bd5 Qe8 16. Qc2 {Double attack -
looks nasty.} (16. h3 Bf5 17. Re1 Nb4 18. Bc4 c6 19. Na3 d5 $11 {1-0 Nijboer,
F-Piket,J/Wijk aan Zee 1998/CBM 63 (36)}) 16... Bxf3 $1 17. Qxc6 ({Black´s
main trick is revealed after} 17. Bxc6 Qe6 $1 18. gxf3 Qg6+ {and White must
play} 19. Bg5 {to survive with a slight minus.}) 17... Be2 $1 {Attacks and
counter attacks flow back and forth, but Black gets the last word.} 18. Qxe8
Rbxe8 ({perhaps even more exact is} 18... Rfxe8 19. Bc6 Bxf1 20. Bxe8 Bxg2 21.
Bxf7+ Kxf7 22. Kxg2 {[%cal Yb8b2]} Ke6 $15 {0-1 Goletiani,R-Lomineishvili,M/
Tbilisi 1998/EXT 2002 (35)}) 19. Bc6 Bxf1 20. Bxe8 Bxg2 21. Bxf7+ Kxf7 22. Kxg2
Ke6 23. Rc1 Rf7 24. Nc3 Nf6 25. Re1 Ba5 26. Bg5+ Kd7 27. h3 Nd5 28. Rc1 Rf5 29.
Be3 Ke6 30. Kg3 Bxc3 31. bxc3 Nxe3 32. Re1 Kd5 33. Rxe3 $11 Rf7 34. f4 Kc4 35.
Kg4 g6 36. h4 h6 37. Rh3 Rf6 38. Re3 c6 39. Rh3 Kb3 40. Re3 Kc4 41. Rh3 Kb3 42.
Re3 d5 43. Rh3 Kb2 44. Re3 Kc2 45. Rh3 Kd2 46. Rg3 Ke2 47. Rh3 Kd2 1/2-1/2